Inquilinos en la hacienda de Su Excelencia
Gardado en:
| Autor Principal: | |
|---|---|
| Formato: | Libro |
| Idioma: | Lingua castelá |
| Publicado: |
Santiago
LOM
2010
|
| Edición: | 1a. ed |
| Series: | Libros del Ciudadano
|
| Subjects: | |
| Tags: |
Engadir etiqueta
Sen Etiquetas, Sexa o primeiro en etiquetar este rexistro!
|
MARC
| LEADER | 00000cam a2200000 a 4500 | ||
|---|---|---|---|
| 001 | UCF1679 | ||
| 003 | CL-VaPUC | ||
| 008 | 120723e20100000CL |||||||||||||||||spa|d | ||
| 020 | |a 9789560002105 | ||
| 082 | 0 | 4 | |a 305.563 |b PIN |2 21 |
| 100 | 0 | |a Pinochet Le-Brun, Tancredo |e author |9 563165 | |
| 245 | 1 | 0 | |a Inquilinos en la hacienda de Su Excelencia |
| 250 | |a 1a. ed | ||
| 300 | |a 63 p | ||
| 942 | |c BK | ||
| 945 | |d 20120723 00:00:00 |a cmena | ||
| 260 | |a Santiago |b LOM |c 2010 | ||
| 650 | 0 | |a Grupos sociales |9 268887 | |
| 650 | 7 | |a CAMPESINOS |2 CL-VaPUC |9 315355 | |
| 650 | 0 | |a Calidad de vida |9 322944 | |
| 650 | 0 | |a Agricultura |9 255598 | |
| 650 | 0 | |a Problemas sociales |9 258537 | |
| 651 | 7 | |a CHILE |2 CL-VaPUC |9 563166 | |
| 583 | |a last modification |c 20120724 03:24:26 |k Rodrigo Vera | ||
| 490 | 0 | |a Libros del Ciudadano | |
| 999 | |c 348367 |d 348365 | ||
| 952 | |0 0 |1 0 |4 0 |6 305_563000000000000_PIN_2010 |7 0 |8 A |9 450350 |a BIBING |b BIBING |d 2019-11-22 |i 4870905 |l 1 |o 305.563 PIN 2010 |p 4870905 |r 2025-01-20 |s 2024-07-01 |w 2019-11-22 |y BK |k CUI | ||